000 02323nam0a22003371 4500
001 v19\rc\1559625
005 20060620140307.6
035 _a(NLR Aleph) 004672749
090 _a3700482
_c3700482
100 _a20060620e18911891|||y0rusy50 ca
101 0 _arus
102 _aRU
105 _ay z |||||
200 1 _aСочинения профессора П.В. Владимирова: А. Житие св. Алексея, человека божия. (Отт. из Журн. Мин. нар. пр. за 1887 г., с. 18). Б. Доктор Франциск Скорина, его переводы, печатные издания и язык. Спб., 1888 г., с. XXVI+351
_eРец. проф. А. Будиловича
210 _a[Санкт-Петербург]
_cтип. Имп. Акад. наук
_d1891
215 _a18 с.
_d23
309 _aБез тит. л. и обл.
311 _aОтт. из "Отчет о 32 присуждении наград гр. Уварова"
470 0 _12001#$aЖитие святого Алексея, человека божия$e(Отт. из Журн. Мин. нар. пр. за 1887 г., с. 18)
_1700#1$aВладимиров$bП.В.$f1854-1902$gПетр Владимирович
470 0 _12001#$aДоктор Франциск Скорина, его переводы, печатные издания и язык.
_1210##$aСанкт-Петербург$d1888
_1215##$aС. XXVI, 351
_1700#1$aВладимиров$bП.В.$f1854-1902$gПетр Владимирович
488 0 _12001#$aОтчет о 32 присуждении наград гр. Уварова
532 1 0 _aСочинения профессора Петра Владимировича Владимирова: А. Житие св. Алексея, человека божия. (Отт. из Журн. Мин. нар. пр. за 1887 г., с. 18). Б. Доктор Франциск Скорина, его переводы, печатные издания и язык. Спб., 1888 г., с. XXVI+351
700 1 _aБудилович
_bА. С.
_f1846-1908
_gАнтон Семенович
801 0 _aRU
_bNLR
_gpsbo
801 0 _aRU
_bRuMoRGB
_2psbo
801 1 _aRU
_bProSoft-M
_2rusmarc
852 _aNLR
_j18.295.4.385
899 _aRuMoRGB
_jA 186/627
899 _aБАН
942 _cBOOK
980 _aNB